000 01696nam a2200301Ia 4500
999 _c37546
_d37546
001 3512
003 GE_BSU
005 20190618215515.0
008 181216s2009||||ge |||||||||||||| ||geo||
020 _a9789941006746
040 _cGE_BSU
041 _ageo
080 _a371.134+37.02+371.6+371.3 ს–98
100 _a
_9610
245 _aმასწავლებლის ახალი პროფესიული სტანდარტი : სწავლება და შეფასება :
_b[ნაწ.] 2. დამხმ. სახელმძღვანელო /
_cავტ.: რუსუდან ტყემალაძე, ნანა დალაქიშვილი, ქეთევან თოფაძე და სხვ.
264 _aთბილისი :
_bსაქართველოს მაცნე,
_c2009.
300 _a176 გვ. :
_bნახ.;
_c21 სმ.
501 _a ბიბლიოგრ.: გვ. 173-174.
653 _aმასწავლებლების პროფესიული მომზადება
653 _aსწავლების მეთოდიკა
653 _aაღზრდის მეთოდიკა
653 _aმოსწავლეთა ცოდნის შეფასება
653 _aსწავლების მეთოდები
700 _aტყემალაძე, რუსუდან
_eავტორი
_92588
700 _aდალაქიშვილი, ნანა
_eავტორი
_92589
700 _aთოფაძე,ქეთევან და სხვ.
_eავტორი
_92590
942 _cBK
_2udc